000
00211 a2200073 4500
245
0
_a
Avtomaticeskaja proverocnaja apparatura ATS-54 /
_c
.
710
2
_a
Svjaz'.
_e
Wydawca
_4
pbl
260
_a
Moskva :
_b
Svjaz',
_c
1972.
300
_a
140 s.;
_c
24 cm.
999
_c
3378
_d
3378